Breve evaluación sobre la formación y posterior destrucción del patrimonio de la Universidad de El Salvador: Interciclo fuera del Campus Universitario /

Evalúa brevemente los daños causados al patrimonio de la Universidad de EL Salvador, y se refiere a la reapertura de las actividades académicas fuera del campus Universitario - Informa sobre la fundación de la Universidad el 16 de febrero de1841 y sobre sus diferentes facultades, y señala que al mom...

Descrizione completa

Salvato in:
Dettagli Bibliografici
Enti autori: Asociación General de Estudiantes Universitarios Salvadoreños, AGEUS
Natura: testo
Pubblicazione: San Salvador: AGEUS
Tags: Aggiungi Tag
Nessun Tag, puoi essere il primo ad aggiungerne!!

MARC

LEADER 00000 a a2200000 04500
001 20685
003
040
090 |a 087700  
110 |a Asociación General de Estudiantes Universitarios Salvadoreños  
245 |a Breve evaluación sobre la formación y posterior destrucción del patrimonio de la Universidad de El Salvador: Interciclo fuera del Campus Universitario /  |c Asociación General de Estudiantes Universitarios Salvadoreños  
260 |a San Salvador:   |b AGEUS  
300 |a 56 p  
520 |a Evalúa brevemente los daños causados al patrimonio de la Universidad de EL Salvador, y se refiere a la reapertura de las actividades académicas fuera del campus Universitario - Informa sobre la fundación de la Universidad el 16 de febrero de1841 y sobre sus diferentes facultades, y señala que al momento de la ocupación militar del campus (junio 1980), esta Institución atendía a más de 35 mil estudiantes presenta cifras referentes a la destrucción física de la universidad. Hace referencia a las condiciones en que funciona actualmente la institución a través de la realización de un interciclo fuera del campus universitario  
710 |a AGEUS  
999 |c 13990  |d 13990